Т. 2: Финансы. Инвестиции. Экономика. Отраслевая экономика. Региональная экономика; Проблемы управления рыночной экономикой

Chi tiết về thư mục
Parent link:Проблемы управления рыночной экономикой: межрегиональный сборник научных трудов/ Национальный исследовательский Томский политехнический университет (ТПУ) ; под ред. И. Е. Никулиной ; Л. Р. Тухватулиной ; Н. В. Черепановой. Т. 2: Финансы. Инвестиции. Экономика. Отраслевая экономика. Региональная экономика.— , 2013.— 978-5-4387-0241-2
Tóm tắt:Данный сборник включает результаты научных исследований, посвященных проблемам управления рыночной экономикой в России. Представленный том объединяет пять разделов: финансы, инвестиции, экономика, отраслевая экономика, региональная экономика.Сборник сформирован на кафедре менеджмента Томского политехнического университета и предназначен для студентов, преподавателей, научных работников, работников управленческой сферы занимающихся проблемами управления рыночной экономикой.
Ngôn ngữ:Tiếng Nga
Được phát hành: 2013
Những chủ đề:
Định dạng: MixedMaterials Sách
KOHA link:https://koha.lib.tpu.ru/cgi-bin/koha/opac-detail.pl?biblionumber=241500

MARC

LEADER 00000nam2a2200000 4500
001 241500
005 20231101231822.0
010 |a 9785438702436 
035 |a (RuTPU)RU\TPU\book\262774 
090 |a 241500 
100 |a 20130725d2013 k y0rusy50 ca 
101 0 |a rus 
102 |a RU 
105 |a a z 101zy 
200 0 |a Т. 2: Финансы. Инвестиции. Экономика. Отраслевая экономика. Региональная экономика 
210 |d 2013 
215 |a 382 с.  |c ил. 
320 |a Библиогр. в конце докл. 
320 |a Сведения об авторах: с. 364-381. 
330 |a Данный сборник включает результаты научных исследований, посвященных проблемам управления рыночной экономикой в России. Представленный том объединяет пять разделов: финансы, инвестиции, экономика, отраслевая экономика, региональная экономика.Сборник сформирован на кафедре менеджмента Томского политехнического университета и предназначен для студентов, преподавателей, научных работников, работников управленческой сферы занимающихся проблемами управления рыночной экономикой. 
461 1 |0 (RuTPU)RU\TPU\book\263131  |y 978-5-4387-0241-2  |t Проблемы управления рыночной экономикой  |h Вып. 14  |o межрегиональный сборник научных трудов  |f Национальный исследовательский Томский политехнический университет (ТПУ) ; под ред. И. Е. Никулиной ; Л. Р. Тухватулиной ; Н. В. Черепановой  |v Т. 2: Финансы. Инвестиции. Экономика. Отраслевая экономика. Региональная экономика  |d 2013 
606 1 |a Рыночная экономика  |x Теория  |2 stltpush  |3 (RuTPU)RU\TPU\subj\26444  |9 50370 
606 1 |a Менеджмент  |2 stltpush  |3 (RuTPU)RU\TPU\subj\42098  |9 61850 
610 1 |a финансы 
610 1 |a инвестиции 
610 1 |a отраслевая экономика 
610 1 |a региональная экономика 
610 1 |a пенсионное обеспечение 
610 1 |a Кузбасс 
610 1 |a налогообложение 
610 1 |a Российская Федерация 
610 1 |a Красноярский край 
610 1 |a бизнес 
610 1 |a экономические кризисы 
610 1 |a конкуренция 
610 1 |a Кемеровская область 
610 1 |a логистика 
610 1 |a фитнес-услуги 
610 1 |a Томская область 
610 1 |a угольная промышленность 
610 1 |a строительство 
610 1 |a экологическая безопасность 
610 1 |a антикризисные меры 
610 1 |a агропромышленные комплексы 
610 1 |a кластеры 
610 1 |a инновации 
610 1 |a конференции 
610 1 |a труды учёных ТПУ 
686 |a У011.3л0  |v LBC/SL-A  |2 rubbk 
686 |a У9(2)212л0  |v LBC/SL-A  |2 rubbk 
801 1 |a RU  |b 63413507  |c 20130725 
801 2 |a RU  |b 63413507  |c 20130828  |g RCR 
942 |c BK